KOHA-Header-6

Product Management (Record no. 6103)

000 -LEADER
fixed length control field 00264nam a2200109Ia 4500
008 - FIXED-LENGTH DATA ELEMENTS--GENERAL INFORMATION
fixed length control field 190906s9999||||xx |||||||||||||| ||und||
100 ## - MAIN ENTRY--PERSONAL NAME
Personal name Russell S. Winer
245 #0 - TITLE STATEMENT
Title Product Management
260 ## - PUBLICATION, DISTRIBUTION, ETC. (IMPRINT)
Place of publication, distribution, etc New Delhi
Name of publisher, distributor, etc Bantam Books Inc
Date of publication, distribution, etc 2002
300 ## - PHYSICAL DESCRIPTION
Extent 502
942 ## - ADDED ENTRY ELEMENTS (KOHA)
Koha item type Books
Holdings
Withdrawn status Lost status Damaged status Not for loan Collection code Permanent Location Current Location Shelving location Date acquired Full call number Barcode Date last seen Price effective from Koha item type
        Management MAJU MAJU   2019-09-06 658.15 4415 2019-09-06 2019-09-06 Management

Powered by Koha